all Pokémon movies - Statistics

General Stats
  • This quiz has been taken 35 times
  • The average score is 12 of 25
Answer Stats
Answer % Correct
Pokémon: The First Movie - Mewtwo Strikes Back
91%
Pokémon 4Ever: Celebi - Voice of the Forest
78%
Pokémon the Movie 2000 - The Power of One
65%
Pokémon: Destiny Deoxys
61%
Pokémon: Jirachi, Wish Maker
61%
Pokémon: Lucario and the Mystery of Mew
61%
Pokémon Heroes: Latios and Latias
57%
Pokémon: Arceus and the Jewel of Life
52%
Pokémon the Movie: I Choose You!
52%
Pokémon: The Rise of Darkrai
52%
Pokémon Ranger and the Temple of the Sea
48%
Pokémon the Movie: Diancie and the Cocoon of Destruction
48%
Pokémon the Movie: The Power of Us
48%
Pokémon: Giratina and the Sky Warrior
43%
Pokémon-Zoroark: Master of Illusions
43%
Detective Pikachu
39%
Pokémon the Movie: Secrets of the Jungle
39%
Pokémon the Movie: Volcanion and the Mechanical Marvel
39%
Pokémon 3: The Movie - Spell of the Unown
35%
Pokémon: Mewtwo Strikes Back - Evolution
35%
Pokémon the movie: Black-Victini and Reshiram
35%
Pokémon the Movie: White-Victini and Zekrom
35%
Pokémon the Movie: Hoopa and the Clash of Ages
30%
Pokémon the Movie: Kyurem vs. the Sword of Justice
26%
Pokémon the Movie: Genesect and the Legend Awakened
17%
No matching quizzes found
Score Distribution
Percent of People with Each Score
Percentile by Number Answered
Your Score History
You have not taken this quiz